京王線の歴代全駅名 - Statistics

General Stats
  • This quiz has been taken 72 times
  • The average score is 34 of 76
Answer Stats
No. 駅名 存在時期 % Correct
KO01 新宿 1945-
98%
KO04 笹塚 1913-
85%
KO02 初台 1919-
83%
KO03 幡ヶ谷 1913-
78%
KO06 明大前 1935-
78%
KO05 代田橋 1913-
75%
KO34 京王八王子 1963-
72%
KO08 桜上水 1937-
70%
KO18 調布 1913-
70%
KO07 下高井戸 1913-1938
68%
KO07 下高井戸 1944-
68%
KO09 上北沢 1913-1917
65%
KO09 上北沢 1932-
65%
KO10 八幡山 1937-
65%
KO24 府中 1916-
65%
KO27 聖蹟桜ヶ丘 1937-
65%
KO33 北野 1925-
65%
KO11 芦花公園 1937-
63%
KO12 千歳烏山 1929-
63%
KO14 つつじヶ丘 1957-
63%
KO17 布田 1917-
63%
KO20 飛田給 1916-
63%
KO25 分倍河原 1929-
63%
KO29 高幡 1925-1937
63%
KO29 高幡不動 1937-
63%
KO13 仙川 1917-
62%
KO15 柴崎 1913-
62%
KO16 国領 1913-
62%
KO19 西調布 1959-
62%
KO23 東府中 1940-
62%
廃止 東府中 1937-1940
62%
KO21 武蔵野台 1959-
60%
KO22 多磨 1916-1932
60%
KO31 平山 1925-1955
60%
KO31 平山城址公園 1955-
60%
KO22 多磨霊園 1937-
58%
KO26 中河原 1925-
58%
KO28 百草 1925-1937
57%
KO28 百草園 1937-
57%
KO30 南平 1926-
53%
KO32 長沼 1925-
53%
KO06 火薬庫前 1913-1917
38%
KO34 東八王子 1925-1963
35%
廃止 新宿追分 1915-1930
33%
KO09 北沢 1917-1932
32%
KO06 松原 1917-1935
30%
KO12 烏山 1913-1929
30%
廃止 京王新宿 1937-1945
28%
KO27 関戸 1925-1937
27%
廃止 四谷新宿 1930-1937
25%
KO11 上高井戸 1913-1937
23%
KO14 金子 1913-1957
22%
廃止 幡代 1937-1945
20%
KO08 京王車庫前 1933-1937
20%
廃止 停車場前 1915-1937
18%
廃止 省線新宿駅前 1937-1945
18%
廃止 幡代小学校前 1914
18%
廃止 代々幡 1913-1934
18%
廃止 代々木 1914-1919
17%
KO07 日大前 1938-1944
17%
廃止 神宮裏 1919-1939
15%
KO21 車返 1916-1959
15%
廃止 葵橋 1915-1925
13%
廃止 新町 1914-1945
13%
廃止 天神橋 1914-1939
13%
KO08 北沢車庫前 1926-1933
13%
KO23 臨時競馬場前 1935-1940
13%
廃止 西参道 1939-1945
12%
廃止 幡ヶ谷本町 1934-1937
12%
廃止 八幡前 1916-1937
12%
廃止 改正橋 1914-1919
10%
KO10 松沢 1918-1937
10%
KO13 下仙川 1913-1917
10%
KO19 上石原 1916-1959
10%
KO25 屋敷分 1925-1929
10%
KO22 市公園墓地前 1932-1937
8%
No matching quizzes found
Score Distribution
Percent of People with Each Score
Percentile by Number Answered
Your Score History
You have not taken this quiz